书目信息 |
| 题名: |
韵律无声
|
|
| 作者: | 郭雅希 主编 | |
| 分册: | ||
| 出版信息: | 天津 天津人民出版社 2001 |
|
| 页数: | 306页 | |
| 开本: | 20cm | |
| 丛书名: | 环球书系 | |
| 单 册: | ||
| 中图分类: | J11 | |
| 科图分类: | ||
| 主题词: | 美术史--世界--通俗读物 , 美术史 | |
| 电子资源: | ||
| ISBN: | 7-201-03471-5 | |
| 000 | 00820oam2 2200277 450 | |
| 001 | 1231954932 | |
| 005 | 20121019085327.92 | |
| 010 | @a7-201-03471-5@dCNY15.00 | |
| 100 | @a20010815d2001 em y0chiy0110 ea | |
| 101 | 0 | @achi |
| 102 | @aCN@b120000 | |
| 105 | @af z 000yy | |
| 200 | 1 | @a韵律无声@Ayun lv wu sheng@f郭雅希主编 |
| 210 | @a天津@c天津人民出版社@d2001 | |
| 215 | @a306页@c插图@d20cm | |
| 225 | 2 | @a环球书系@i艺术卷 |
| 304 | @a封面题:美术卷 | |
| 330 | @a本书涉及到建筑、雕塑、绘画、工艺美术及服饰等不同领域,是一部研究世界各国美术现象及美学观的综合性通俗读物。 | |
| 461 | 0 | @12001 @a环球书系 |
| 462 | 0 | @12001 @a艺术卷 |
| 606 | 0 | @a美术史@y世界@j通俗读物 |
| 606 | 0 | @a美术史 |
| 690 | @aJ11@v4 | |
| 701 | 0 | @a郭雅希@Aguo ya xi@4主编 |
| 801 | 0 | @aCN@bNLC@c20101222 |
| 905 | @a10447@dJ11@eJY10 | |
| 韵律无声/郭雅希主编.-天津:天津人民出版社,2001 |
| 306页:插图;20cm.-(环球书系.艺术卷) |
| ISBN 7-201-03471-5:CNY15.00 |
| 本书涉及到建筑、雕塑、绘画、工艺美术及服饰等不同领域,是一部研究世界各国美术现象及美学观的综合性通俗读物。 |
| ● |
| 相关链接 |
|
|
|
|
正题名:韵律无声
索取号:J11/JY10
 
预约/预借
| 序号 | 登录号 | 条形码 | 馆藏地/架位号 | 状态 | 备注 |
| 1 | 7833645 | 278336454 | 学院路分馆/ [索取号:J11/JY10] | 在馆 | |
| 2 | 7833646 | 278336463 | 学院路分馆/ [索取号:J11/JY10] | 在馆 | |
| 3 | 7833647 | 278336472 | 学院路分馆/ [索取号:J11/JY10] | 在馆 | |
| 4 | 7833648 | 278336481 | 学院路分馆/ [索取号:J11/JY10] | 在馆 |